[Event "Central Asia Cup 3rd"]
[Site "Dushanbe"]
[Date "2013.10.15"]
[Round "4"]
[White "Khouseinov, Rashid"]
[Black "Kusluvan, Yekaterina"]
[Result "1/2-1/2"]
[WhiteElo "2274"]
[BlackElo "2105"]
[PlyCount "80"]
[EventDate "2013.10.12"]
[EventType "swiss"]
[EventRounds "9"]
[EventCountry "TJK"]
[SourceTitle "EXT 2014"]
[Source "ChessBase"]
[SourceDate "2013.11.20"]
[SourceVersion "1"]
[SourceVersionDate "2013.11.20"]
[SourceQuality "1"]

1. g3 Nf6 2. Bg2 g6 3. d3 Bg7 4. e4 d5 5. Nd2 e5 6. Ngf3 Nc6 7. 0-0 0-0 8. Re1 dxe4 9. dxe4 Be6 10. c3 Ne8 11. Qc2 Nd6 12. Nb3 b6 13. Nbd2 h6 14. Nf1 Ne7 15. b3 c6 16. Bb2 Qc7 17. c4 Nb7 18. Qc3 c5 19. Nxe5 Nc6 20. f4 Nxe5 21. fxe5 Nd8 22. Ne3 Nc6 23. Qd2 Nxe5 24. Nd5 Bxd5 25. exd5 Qd6 26. Re2 Rad8 27. Qc3 f6 28. Bh3 Rfe8 29. Rae1 Re7 30. Be6+ Kh7 31. Rf1 Rde8 32. Qe3 Ng4 33. Qf4 Qxf4 34. gxf4 f5 35. Be5 Nf6 36. a3 a5 37. Ra1 Nd7 38. Rae1 Bxe5 39. Bxd7 Bd4+ 40. Kf1 Rxe2 1/2-1/2

[Event "Central Asia Cup 3rd"]
[Site "Dushanbe"]
[Date "2013.10.12"]
[Round "1"]
[White "Antonova, Nadezhda"]
[Black "Khouseinov, Rashid"]
[Result "0-1"]
[WhiteElo "1944"]
[BlackElo "2274"]
[PlyCount "56"]
[EventDate "2013.10.12"]
[EventType "swiss"]
[EventRounds "9"]
[EventCountry "TJK"]
[SourceTitle "EXT 2014"]
[Source "ChessBase"]
[SourceDate "2013.11.20"]
[SourceVersion "1"]
[SourceVersionDate "2013.11.20"]
[SourceQuality "1"]

1. d4 c5 2. e3 Nf6 3. Nf3 d6 4. Be2 g6 5. 0-0 Nbd7 6. c4 Bg7 7. Nc3 0-0 8. h3 h6 9. Qc2 e6 10. Rd1 Qe7 11. b3 b6 12. Bb2 Bb7 13. Re1 Rac8 14. Rad1 Rfd8 15. e4 cxd4 16. Nxd4 Nc5 17. Bf3 Qf8 18. b4 Ncd7 19. Ndb5 Ne5 20. Be2 Nxc4 21. Bxc4 Rxc4 22. Qd3 d5 23. Nxa7 Qxb4 24. Rb1 Ra8 25. Ba1 Qc5 26. Nab5 Nxe4 27. Nxe4 dxe4 28. Qd7 Bc6 0-1

[Event "Central Asia Cup 1st"]
[Site "Tashkent"]
[Date "2011.10.22"]
[Round "5"]
[White "Khouseinov, Rashid"]
[Black "Shaymuratov, Inomjon"]
[Result "1/2-1/2"]
[WhiteElo "2299"]
[BlackElo "2197"]
[PlyCount "112"]
[EventDate "2011.10.18"]
[EventType "swiss"]
[EventRounds "9"]
[EventCountry "UZB"]
[SourceTitle "CBM 144 Extra"]
[Source "ChessBase"]
[SourceDate "2011.10.28"]
[SourceVersion "1"]
[SourceVersionDate "2011.10.28"]
[SourceQuality "1"]

1. f4 b6 2. Nf3 Bb7 3. g3 Nf6 4. Bg2 c5 5. 0-0 e6 6. d3 d5 7. e3 Be7 8. Qe2 0-0 9. Nbd2 Nc6 10. c3 Qc7 11. e4 b5 12. e5 Nd7 13. g4 a5 14. d4 Qb6 15. Nb3 a4 16. dxc5 Nxc5 17. Nxc5 Bxc5+ 18. Kh1 b4 19. Rd1 Ba6 20. Qc2 a3 21. f5 axb2 22. Bxb2 Be3 23. Bc1 Bb5 24. f6 Qc5 25. Re1 d4 26. Bxe3 dxe3 27. fxg7 Kxg7 28. Qe4 bxc3 29. Ng5 Rh8 30. Rxe3 Ra4 31. Qf3 Qe7 32. Ne4 Nxe5 33. Qg3 Ng6 34. Nxc3 Ra5 35. Nxb5 Rxb5 36. a4 Ra5 37. Rc3 h5 38. Rc7 Qb4 39. Rf1 Rf8 40. Qf2 hxg4 41. Rxf7+ Rxf7 42. Qxf7+ Kh6 43. Qxe6 Rxa4 44. Qe3+ Kg7 45. Bd5 Nf4 46. Qe5+ Kh7 47. Qf5+ Kh6 48. Qxg4 Qd4 49. Bf3 Ra1 50. Qh4+ Kg6 51. Re1 Rxe1+ 52. Qxe1 Kf6 53. Qh4+ Kg6 54. Qg4+ Kh6 55. h4 Qf6 56. h5 Qg5 1/2-1/2

[Event "Central Asia Cup 1st"]
[Site "Tashkent"]
[Date "2011.10.19"]
[Round "2"]
[White "Khouseinov, Rashid"]
[Black "Kotsur, Pavel"]
[Result "0-1"]
[WhiteElo "2299"]
[BlackElo "2558"]
[PlyCount "98"]
[EventDate "2011.10.18"]
[EventType "swiss"]
[EventRounds "9"]
[EventCountry "UZB"]
[SourceTitle "CBM 144 Extra"]
[Source "ChessBase"]
[SourceDate "2011.10.28"]
[SourceVersion "1"]
[SourceVersionDate "2011.10.28"]
[SourceQuality "1"]

1. e4 e6 2. d3 d5 3. Nd2 c5 4. Ngf3 Nc6 5. g3 Bd6 6. Bg2 Nge7 7. 0-0 0-0 8. Re1 Qc7 9. c3 Bd7 10. Nf1 d4 11. Re2 e5 12. Rc2 b5 13. Bd2 Qb6 14. Be1 a5 15. Rcc1 a4 16. h3 f6 17. N1d2 Na5 18. Bf1 Be6 19. Qe2 Nec6 20. Kh2 Rab8 21. Qd1 Ra8 22. Qe2 Rfd8 23. Qd1 Bf8 24. Qc2 Qb7 25. Qb1 Qf7 26. c4 bxc4 27. Nxc4 Nxc4 28. dxc4 Rdb8 29. Qc2 Qh5 30. Ng1 f5 31. Be2 Qf7 32. Bd3 g6 33. Qe2 h5 34. Nf3 Bh6 35. Rc2 f4 36. Ng1 Rf8 37. Kg2 Qd7 38. Qd1 Rf7 39. f3 fxg3 40. Bxg3 Be3 41. h4 Raf8 42. a3 Bxg1 43. Qxg1 Rxf3 44. Rd2 Qf7 45. Kh2 Na5 46. Be2 Nxc4 47. Bxc4 Bxc4 48. Bxe5 Qe6 49. Qg5 Qh3+ 0-1

[Event "Tashkent zt 3.4"]
[Site "Tashkent"]
[Date "2011.06.16"]
[Round "9"]
[White "Akkozov, Berik"]
[Black "Khouseinov, Rashid"]
[Result "1/2-1/2"]
[WhiteElo "2369"]
[BlackElo "2341"]
[PlyCount "164"]
[EventDate "2011.06.08"]
[EventType "swiss"]
[EventRounds "9"]
[EventCountry "UZB"]
[SourceTitle "CBM 142 Extra"]
[Source "ChessBase"]
[SourceDate "2011.06.27"]
[SourceVersion "1"]
[SourceVersionDate "2011.06.27"]
[SourceQuality "1"]

1. d4 d5 2. Nf3 Nc6 3. Bf4 Nf6 4. e3 Nh5 5. Bg5 h6 6. Bh4 g5 7. Nfd2 Nf6 8. Bg3 Bf5 9. c4 e6 10. Nc3 Nb4 11. Rc1 c6 12. Nf3 dxc4 13. Bxc4 Bd6 14. a3 Nbd5 15. Qe2 Nxc3 16. Rxc3 Ne4 17. Rc1 Qa5+ 18. Kf1 Bxg3 19. hxg3 Bg4 20. Bd3 Qd5 21. Bc4 Qf5 22. Bd3 Qd5 23. Qe1 Bxf3 24. gxf3 Nf6 25. Qd1 Qd6 26. Qc2 Kf8 27. Qc5 Qxc5 28. Rxc5 Ke7 29. Ke2 Rad8 30. b4 a6 31. a4 Rd5 32. Rb1 Ra8 33. g4 Nd7 34. Rc2 e5 35. Be4 Rd6 36. dxe5 Nxe5 37. b5 axb5 38. axb5 Ra5 39. bxc6 bxc6 40. Rb7+ Kf6 41. Rb6 Kg7 42. Bf5 Ra4 43. Rbb2 Kf6 44. Be4 Kg7 45. Rc5 Kf6 46. Rbc2 Rb4 47. Bxc6 Nxc6 48. Rxc6 Rxc6 49. Rxc6+ Kg7 50. Kf1 Ra4 51. Kg2 Rb4 52. Kg3 Ra4 53. Rd6 Rb4 54. Rd5 Kg6 55. Re5 Ra4 56. Re4 Ra5 57. Rb4 Ra2 58. f4 gxf4+ 59. Rxf4 Ra5 60. Kh4 Ra1 61. Rf5 Rg1 62. Kh3 Kg7 63. f3 Kg6 64. Kh2 Re1 65. e4 Re3 66. Kg3 Ra3 67. Rb5 Rc3 68. Rb6+ Kg7 69. e5 Rc4 70. Ra6 Rb4 71. Rc6 Ra4 72. Rb6 Rc4 73. e6 fxe6 74. Rxe6 Ra4 75. Re4 Ra5 76. f4 Ra3+ 77. Kh4 Ra1 78. f5 Rh1+ 79. Kg3 Rf1 80. Re7+ Kg8 81. Kg2 Rf4 82. Re5 Rxg4+ 1/2-1/2

[Event "Tashkent zt 3.4"]
[Site "Tashkent"]
[Date "2011.06.11"]
[Round "4"]
[White "Aripov, Iskandar"]
[Black "Khouseinov, Rashid"]
[Result "1/2-1/2"]
[WhiteElo "2104"]
[BlackElo "2341"]
[PlyCount "55"]
[EventDate "2011.06.08"]
[EventType "swiss"]
[EventRounds "9"]
[EventCountry "UZB"]
[SourceTitle "CBM 142 Extra"]
[Source "ChessBase"]
[SourceDate "2011.06.27"]
[SourceVersion "1"]
[SourceVersionDate "2011.06.27"]
[SourceQuality "1"]

1. e4 g6 2. d4 Bg7 3. Nf3 c6 4. Bd3 d5 5. e5 c5 6. 0-0 Nc6 7. h3 cxd4 8. Re1 Nh6 9. a3 0-0 10. b4 f6 11. exf6 exf6 12. Nbd2 Ne5 13. Bb2 Re8 14. Nb3 Nxd3 15. Qxd3 Rxe1+ 16. Rxe1 Nf5 17. Qb5 Kf7 18. Nbxd4 a6 19. Qe2 Nxd4 20. Nxd4 Bd7 21. Ne6 Qe8 22. Nxg7 Qxe2 23. Rxe2 Rg8 24. g4 Rxg7 25. g5 Rg8 26. gxf6 Re8 27. Rxe8 Kxe8 28. Kg2 1/2-1/2

[Event "Olympiad-39"]
[Site "Khanty-Mansiysk"]
[Date "2010.09.29"]
[Round "8.4"]
[White "Khouseinov, Rashid"]
[Black "Mossong, Hubert"]
[Result "1-0"]
[WhiteElo "2364"]
[BlackElo "2184"]
[PlyCount "65"]
[EventDate "2010.09.21"]
[EventType "team-swiss"]
[EventRounds "11"]
[EventCountry "RUS"]
[SourceTitle "CBM 139"]
[Source "ChessBase"]
[SourceDate "2010.11.18"]
[SourceVersion "1"]
[SourceVersionDate "2010.11.18"]
[SourceQuality "1"]
[WhiteTeam "Tajikistan"]
[BlackTeam "Luxembourg"]
[WhiteTeamCountry "TJK"]
[BlackTeamCountry "LUX"]

1. g3 g6 2. Bg2 Bg7 3. e4 c5 4. d3 Nc6 5. f4 e6 6. Nf3 d5 7. Nbd2 Nge7 8. 0-0 0-0 9. c3 b6 10. Qe2 a5 11. a4 Ba6 12. e5 Qd7 13. Re1 Rfb8 14. Nf1 b5 15. axb5 Bxb5 16. g4 Ba6 17. Ng3 Ra7 18. h4 Rb3 19. Bh3 d4 20. c4 Nb4 21. Rd1 Nxd3 22. Rxd3 Bxc4 23. Rxb3 Bxb3 24. f5 exf5 25. gxf5 Nxf5 26. Bxf5 gxf5 27. Nh5 Qe6 28. Bg5 Bd5 29. Nxg7 Qc6 30. Nxd4 cxd4 31. Rc1 Qa8 32. Nxf5 Bf3 33. Qxf3 1-0

[Event "Olympiad-39"]
[Site "Khanty-Mansiysk"]
[Date "2010.09.23"]
[Round "3.4"]
[White "Khouseinov, Rashid"]
[Black "Singh, Ravishen"]
[Result "1-0"]
[WhiteElo "2364"]
[BlackElo "2089"]
[PlyCount "72"]
[EventDate "2010.09.21"]
[EventType "team-swiss"]
[EventRounds "11"]
[EventCountry "RUS"]
[SourceTitle "CBM 139"]
[Source "ChessBase"]
[SourceDate "2010.11.18"]
[SourceVersion "1"]
[SourceVersionDate "2010.11.18"]
[SourceQuality "1"]
[WhiteTeam "Tajikistan"]
[BlackTeam "Trinidad and Tobago"]
[WhiteTeamCountry "TJK"]
[BlackTeamCountry "TRI"]

1. g3 Nf6 2. Bg2 g6 3. b4 Bg7 4. Bb2 0-0 5. Nf3 c6 6. 0-0 Na6 7. a3 Nc7 8. c4 d6 9. d3 a5 10. Nbd2 Bg4 11. h3 Bd7 12. Qb3 Qc8 13. Kh2 Ne6 14. Bc3 axb4 15. axb4 Qc7 16. e4 b5 17. e5 bxc4 18. dxc4 Nh5 19. exd6 exd6 20. Ne4 Rxa1 21. Rxa1 f5 22. Neg5 h6 23. Nxe6 Bxe6 24. Nd4 Bf7 25. Nxc6 f4 26. Bxg7 Nxg7 27. Qc3 fxg3+ 28. fxg3 Nf5 29. Ra7 Qb6 30. c5 dxc5 31. Qf6 Qxa7 32. Nxa7 cxb4 33. Nc6 b3 34. g4 Ng7 35. Be4 Re8 36. Ne7+ Kf8 1-0

[Event "Asia Clubs 1st"]
[Site "Al Ain"]
[Date "2008.12.29"]
[Round "5"]
[White "Khouseinov, Rashid"]
[Black "El Taher, Fouad"]
[Result "0-1"]
[WhiteElo "2348"]
[BlackElo "2481"]
[PlyCount "92"]
[EventDate "2008.12.25"]
[EventType "team"]
[EventRounds "7"]
[EventCountry "UAE"]
[SourceTitle "CBM 127 Extra"]
[Source "ChessBase"]
[SourceDate "2009.01.08"]
[SourceVersion "2"]
[SourceVersionDate "2009.01.28"]
[SourceQuality "1"]

1. e4 c5 2. c4 Nc6 3. Nc3 g6 4. g3 Bg7 5. Bg2 a6 6. Nge2 Rb8 7. 0-0 b5 8. d3 d6 9. Rb1 e6 10. b3 Nge7 11. Bg5 h6 12. Be3 Nd4 13. Bd2 b4 14. Na4 Nec6 15. Be3 Bd7 16. Nxd4 Nxd4 17. Qd2 Qa5 18. Bxd4 Bxd4 19. Qc2 h5 20. Kh1 h4 21. g4 h3 22. Bf3 Qd8 23. Qd2 Qh4 24. Bd1 Ke7 25. Qf4 f5 26. Qg3 Rbf8 27. f4 fxe4 28. dxe4 g5 29. f5 Bc6 30. Bf3 Kd7 31. Rbd1 Kc7 32. Rd2 Re8 33. e5 Qxg3 34. hxg3 Bxe5 35. Bxc6 Kxc6 36. fxe6 Bxg3 37. Re2 Be5 38. Rf5 Rxe6 39. Nb2 Rhe8 40. Nd3 Bd4 41. Rxe6 Rxe6 42. Rf3 Re4 43. Rg3 a5 44. Kh2 Re2+ 45. Kxh3 Rxa2 46. Rf3 Rd2 0-1

[Event "Asia Clubs 1st"]
[Site "Al Ain"]
[Date "2008.12.28"]
[Round "4"]
[White "Dao, Thien Hai"]
[Black "Khouseinov, Rashid"]
[Result "1-0"]
[WhiteElo "2510"]
[BlackElo "2348"]
[PlyCount "101"]
[EventDate "2008.12.25"]
[EventType "team"]
[EventRounds "7"]
[EventCountry "UAE"]
[SourceTitle "CBM 127 Extra"]
[Source "ChessBase"]
[SourceDate "2009.01.08"]
[SourceVersion "2"]
[SourceVersionDate "2009.01.28"]
[SourceQuality "1"]

1. d4 d6 2. c4 e5 3. Nf3 Nd7 4. Nc3 Ngf6 5. e4 c6 6. Be2 Be7 7. 0-0 0-0 8. Qc2 a6 9. Rd1 Qc7 10. h3 Re8 11. Be3 Nf8 12. Rac1 Ng6 13. Bf1 h6 14. a3 Bf8 15. Qb1 Qe7 16. dxe5 dxe5 17. Na4 Be6 18. Qc2 Red8 19. Re1 Re8 20. Nd2 Nf4 21. Kh2 Bc8 22. Nb6 Rb8 23. Nxc8 Rexc8 24. c5 Ne6 25. b4 Rd8 26. Nc4 Nd4 27. Qb1 Ne8 28. Rcd1 g6 29. Qc1 g5 30. Rxd4 Rxd4 31. Bxd4 exd4 32. e5 Bg7 33. Bd3 Rd8 34. g3 a5 35. Nxa5 Bxe5 36. Kg2 Qc7 37. Nxb7 Qxb7 38. Rxe5 Qc7 39. Qe1 Nf6 40. Re7 Rd7 41. Rxd7 Qxd7 42. Qe5 Qd5+ 43. Qxd5 Nxd5 44. Kf3 Nc3 45. Be4 Kf8 46. Bxc6 f5 47. Bd7 f4 48. gxf4 Ke7 49. Bf5 Kf6 50. c6 Kxf5 51. c7 1-0

[Event "Asia Clubs 1st"]
[Site "Al Ain"]
[Date "2008.12.26"]
[Round "2"]
[White "Husari, Satea"]
[Black "Khouseinov, Rashid"]
[Result "1/2-1/2"]
[WhiteElo "2332"]
[BlackElo "2348"]
[PlyCount "91"]
[EventDate "2008.12.25"]
[EventType "team"]
[EventRounds "7"]
[EventCountry "UAE"]
[SourceTitle "CBM 127 Extra"]
[Source "ChessBase"]
[SourceDate "2009.01.08"]
[SourceVersion "2"]
[SourceVersionDate "2009.01.28"]
[SourceQuality "1"]

1. c4 f5 2. Nc3 Nf6 3. g3 g6 4. Bg2 Bg7 5. d3 0-0 6. e4 e5 7. Nge2 d6 8. 0-0 Nc6 9. exf5 Bxf5 10. h3 Qd7 11. g4 Be6 12. Nd5 Kh8 13. Be3 Bg8 14. Qd2 Rae8 15. Rae1 a6 16. b3 b5 17. Nxf6 Rxf6 18. d4 bxc4 19. d5 c3 20. Qxc3 Ne7 21. Qa5 Qb5 22. Qxb5 axb5 23. Rd1 b4 24. Rd2 h5 25. Rc1 Rc8 26. Ng3 Rff8 27. Rd3 Rfe8 28. Bd2 c5 29. dxc6 d5 30. Bxb4 e4 31. Rdd1 Nxc6 32. Bd2 Nd4 33. Bc3 Nf3+ 34. Bxf3 Rxc3 35. Rxc3 Bxc3 36. Bg2 Ra8 37. Ne2 Bb4 38. Nf4 Ra5 39. Nxg6+ Kg7 40. Nf4 Kf6 41. a4 Rc5 42. Kf1 Ke5 43. Ng6+ Kf6 44. Nf4 Ke5 45. Ng6+ Kf6 46. Nf4 1/2-1/2

[Event "Olympiad-38"]
[Site "Dresden"]
[Date "2008.11.25"]
[Round "11"]
[White "Caruana, Fabiano"]
[Black "Khouseinov, Rashid"]
[Result "1-0"]
[WhiteElo "2640"]
[BlackElo "2348"]
[PlyCount "107"]
[EventDate "2008.11.13"]
[EventType "team-swiss"]
[EventRounds "11"]
[EventCountry "GER"]
[SourceTitle "CBM 128"]
[Source "ChessBase"]
[SourceDate "2009.01.28"]
[SourceVersion "1"]
[SourceVersionDate "2009.01.28"]
[SourceQuality "1"]
[WhiteTeam "Italy"]
[BlackTeam "Tajikistan"]
[WhiteTeamCountry "ITA"]
[BlackTeamCountry "TJK"]

1. e4 d6 2. d4 Nf6 3. Nc3 c6 4. f4 Qa5 5. Bd3 e5 6. dxe5 dxe5 7. f5 Na6 8. Nf3 Nd7 9. Ng5 b5 10. Qh5 g6 11. fxg6 fxg6 12. Qf3 Nac5 13. Be3 Be7 14. Qf7+ Kd8 15. 0-0 b4 16. Ne2 Bxg5 17. Bxg5+ Kc7 18. Be7 Bb7 19. Rad1 Raf8 20. Bxf8 Rxf8 21. Qe7 Rxf1+ 22. Rxf1 Qxa2 23. Rf7 Qe6 24. Qxe6 Nxe6 25. Rxh7 a5 26. b3 Kd6 27. Bc4 c5 28. Ng3 Bc6 29. Nf5+ gxf5 30. Rh6 Bxe4 31. Rxe6+ Kc7 32. h4 Bxc2 33. h5 a4 34. bxa4 b3 35. Bxb3 Bxb3 36. h6 Bxe6 37. h7 f4 38. h8Q Bd5 39. a5 Bb7 40. Qh6 Bc6 41. Qe6 Bb5 42. a6 Bc6 43. a7 Bb7 44. Qe8 c4 45. a8Q Bxa8 46. Qxa8 Kd6 47. Qa6+ Kd5 48. Qb7+ Kd6 49. Qb5 c3 50. Qd3+ Ke6 51. Qxc3 Nf6 52. Qd3 e4 53. Qd4 Kf5 54. Qc5+ 1-0

[Event "Olympiad-38"]
[Site "Dresden"]
[Date "2008.11.22"]
[Round "9"]
[White "Khouseinov, Rashid"]
[Black "Escobar Forero, Alder"]
[Result "0-1"]
[WhiteElo "2348"]
[BlackElo "2482"]
[PlyCount "118"]
[EventDate "2008.11.13"]
[EventType "team-swiss"]
[EventRounds "11"]
[EventCountry "GER"]
[SourceTitle "CBM 128"]
[Source "ChessBase"]
[SourceDate "2009.01.28"]
[SourceVersion "1"]
[SourceVersionDate "2009.01.28"]
[SourceQuality "1"]
[WhiteTeam "Tajikistan"]
[BlackTeam "Columbia"]
[WhiteTeamCountry "TJK"]
[BlackTeamCountry "COL"]

1. e4 c5 2. c4 e6 3. Nc3 Nc6 4. g3 g6 5. Bg2 Bg7 6. Nge2 Nge7 7. 0-0 0-0 8. d3 a6 9. a3 Rb8 10. Rb1 Nd4 11. b4 d6 12. Bg5 Bd7 13. Qd2 b5 14. Rfc1 Re8 15. Bf4 Rb6 16. Kh1 Bc8 17. cxb5 axb5 18. bxc5 dxc5 19. Nxd4 cxd4 20. Nxb5 e5 21. Bh6 Bxh6 22. Qxh6 Bd7 23. a4 Qb8 24. f4 exf4 25. gxf4 Bxb5 26. axb5 Rxb5 27. Rxb5 Qxb5 28. f5 Qe5 29. Rf1 gxf5 30. Qh5 Qf6 31. exf5 Nc8 32. Bd5 Rf8 33. h4 Ne7 34. Be4 h6 35. Rg1+ Kh7 36. Kh2 Rg8 37. Rxg8 Nxg8 38. Kh3 Kg7 39. Qg4+ Kf8 40. Qf4 Qb6 41. Bd5 Qf6 42. Qb8+ Kg7 43. Qg3+ Kh8 44. Be4 Ne7 45. Qc7 Kg7 46. Qg3+ Kh7 47. Qc7 Nd5 48. Qg3 Nc3 49. Qf4 Nb5 50. Kg2 Nd6 51. Kf3 Kg8 52. Ke2 Kf8 53. Kd1 Ke7 54. Kc2 Nb5 55. Kb3 Kd7 56. Kc4 Qb6 57. f6 Na3+ 58. Kd5 Qc6+ 59. Ke5 Qd6+ 0-1

[Event "Olympiad-36"]
[Site "Mallorca"]
[Date "2004.10.25"]
[Round "10"]
[White "Urbina, Ricardo"]
[Black "Khouseinov, Rashid"]
[Result "1/2-1/2"]
[WhiteElo "2247"]
[BlackElo "2343"]
[PlyCount "117"]
[EventDate "2004.10.15"]
[EventType "team-swiss"]
[EventRounds "14"]
[EventCountry "ESP"]
[SourceTitle "CBM 104"]
[Source "ChessBase"]
[SourceDate "2005.01.27"]
[SourceVersion "1"]
[SourceVersionDate "2005.01.27"]
[SourceQuality "1"]
[WhiteTeam "Honduras"]
[BlackTeam "Tajikistan"]
[WhiteTeamCountry "HON"]
[BlackTeamCountry "TJK"]

1. e4 e5 2. Nf3 Qe7 3. Bc4 d6 4. Nc3 c6 5. h3 g6 6. d4 Nh6 7. Be3 f6 8. dxe5 dxe5 9. Qd2 Nf7 10. 0-0-0 Nd7 11. g4 Nb6 12. Bb3 Be6 13. Bc5 Qxc5 14. Bxe6 Qe7 15. Bb3 Nd6 16. Kb1 0-0-0 17. Qe2 Bg7 18. Rd3 Nf7 19. Rhd1 Rxd3 20. Rxd3 Nd8 21. Qd2 Ne6 22. Bxe6+ Qxe6 23. Ne1 Qe7 24. f3 Re8 25. Nd1 Rd8 26. Rxd8+ Qxd8 27. Nd3 Kb8 28. Qc3 Qg8 29. b3 Qe6 30. Ne3 Bh6 31. Nb2 Bf8 32. Qd3 Kc7 33. Nbc4 Bc5 34. c3 Qd7 35. Kc2 Qxd3+ 36. Kxd3 Nd7 37. Ng2 Nf8 38. Nd2 Ne6 39. Ke2 b5 40. h4 h5 41. b4 Bb6 42. gxh5 gxh5 43. Nf1 Nf4+ 44. Nxf4 exf4 45. Nd2 a5 46. bxa5 Bxa5 47. c4 Kd6 48. cxb5 cxb5 49. Nb1 Bb4 50. Kd3 Be1 51. Nc3 Bxh4 52. Nxb5+ Ke5 53. Ke2 f5 54. exf5 Bd8 55. Kf1 Bb6 56. Nc3 Kxf5 57. Kg2 Ke5 58. Ne2 Bd8 59. Nxf4 1/2-1/2

[Event "Olympiad-36"]
[Site "Mallorca"]
[Date "2004.10.22"]
[Round "7"]
[White "Khouseinov, Rashid"]
[Black "Solomons, Deon"]
[Result "1-0"]
[WhiteElo "2343"]
[BlackElo "2249"]
[PlyCount "81"]
[EventDate "2004.10.15"]
[EventType "team-swiss"]
[EventRounds "14"]
[EventCountry "ESP"]
[SourceTitle "CBM 104"]
[Source "ChessBase"]
[SourceDate "2005.01.27"]
[SourceVersion "1"]
[SourceVersionDate "2005.01.27"]
[SourceQuality "1"]
[WhiteTeam "Tajikistan"]
[BlackTeam "South Africa"]
[WhiteTeamCountry "TJK"]
[BlackTeamCountry "RSA"]

1. d4 g6 2. e4 Bg7 3. Nc3 d6 4. h4 Nf6 5. Be2 h5 6. Be3 Ng4 7. Bxg4 Bxg4 8. f3 Bd7 9. Qd2 c6 10. 0-0-0 Qa5 11. Kb1 Na6 12. Nh3 b5 13. Rdg1 b4 14. Ne2 Be6 15. Nc1 c5 16. Ng5 Nc7 17. g4 c4 18. gxh5 Rxh5 19. f4 c3 20. Qd3 cxb2 21. Nb3 Bxb3 22. Qxb3 d5 23. Bd2 Rb8 24. e5 Qb6 25. f5 gxf5 26. Qf3 Nb5 27. Bxb4 Rh6 28. Qxf5 Qg6 29. Qxg6 Rxg6 30. h5 Rh6 31. Nf3 Bf8 32. Rg8 a5 33. a4 axb4 34. axb5 f6 35. e6 Rb6 36. Re1 Rxh5 37. Kxb2 Rh3 38. Ra1 Rxe6 39. Ra8+ Kd7 40. Rgxf8 Rxf3 41. Ra7+ 1-0

[Event "Olympiad-35"]
[Site "Bled"]
[Date "2002.11.08"]
[Round "13.3"]
[White "Dydyshko, Viacheslav"]
[Black "Khouseinov, Rashid"]
[Result "1-0"]
[WhiteElo "2539"]
[BlackElo "2331"]
[PlyCount "111"]
[EventDate "2002.10.26"]
[EventType "team-swiss"]
[EventRounds "14"]
[EventCountry "SLO"]
[SourceTitle "EXT 2003"]
[Source "ChessBase"]
[SourceDate "2002.11.25"]
[SourceVersion "1"]
[SourceVersionDate "2002.11.25"]
[SourceQuality "1"]
[WhiteTeam "Belarus"]
[BlackTeam "Tajikistan"]
[WhiteTeamCountry "BLR"]
[BlackTeamCountry "TJK"]

1. d4 d6 2. Nf3 Nf6 3. c4 Nbd7 4. Nc3 c6 5. e4 e5 6. Be2 Be7 7. 0-0 0-0 8. Qc2 Re8 9. Rd1 Qc7 10. Rb1 Nf8 11. d5 Bd7 12. Be3 Ng6 13. h3 h6 14. Qd2 Bf8 15. b4 Rec8 16. Rdc1 Qd8 17. Bd3 Nh5 18. c5 Nhf4 19. dxc6 Bxc6 20. Bc4 dxc5 21. bxc5 Qe8 22. Nd5 Rd8 23. Rd1 Rd7 24. Qb2 Rad8 25. Rd2 Kh8 26. Rbd1 f5 27. Bxf4 Nxf4 28. Nxe5 Bxd5 29. exd5 Bxc5 30. Bb5 Qh5 31. Bxd7 Rxd7 32. Nd3 Nxd3 33. Rxd3 b6 34. Re1 Kh7 35. Re6 Qh4 36. Qc2 Rc7 37. Rf3 g6 38. Rc6 Rf7 39. Qd3 Qb4 40. g3 Qa4 41. a3 h5 42. Kg2 a5 43. Rf4 Qxa3 44. Qxa3 Bxa3 45. Rxb6 Rd7 46. Rb5 Bb4 47. Rc4 Kg7 48. Rc6 h4 49. gxh4 Kh6 50. Rc8 Kg7 51. h5 gxh5 52. Rc6 h4 53. Kf3 Bd6 54. Rxa5 Kf6 55. Raa6 Ke5 56. Rxd6 1-0

[Event "Olympiad-35"]
[Site "Bled"]
[Date "2002.11.05"]
[Round "10.3"]
[White "Radulski, Julian"]
[Black "Khouseinov, Rashid"]
[Result "1/2-1/2"]
[WhiteElo "2487"]
[BlackElo "2331"]
[PlyCount "139"]
[EventDate "2002.10.26"]
[EventType "team-swiss"]
[EventRounds "14"]
[EventCountry "SLO"]
[SourceTitle "EXT 2003"]
[Source "ChessBase"]
[SourceDate "2002.11.25"]
[SourceVersion "1"]
[SourceVersionDate "2002.11.25"]
[SourceQuality "1"]
[WhiteTeam "Bulgaria"]
[BlackTeam "Tajikistan"]
[WhiteTeamCountry "BUL"]
[BlackTeamCountry "TJK"]

1. e4 e5 2. Nf3 Qe7 3. Bc4 d6 4. Nc3 c6 5. d4 g6 6. Bg5 f6 7. Be3 Nh6 8. Qd2 Ng4 9. 0-0-0 Nd7 10. dxe5 dxe5 11. Kb1 Nxe3 12. Qxe3 Nc5 13. Rd2 b5 14. Bb3 h5 15. Rhd1 Nb7 16. Qe2 Bh6 17. Rd3 Kf8 18. Nh4 Kg7 19. g3 Rd8 20. Rxd8 Nxd8 21. Qd3 Nb7 22. f3 Bg5 23. Ng2 Bh3 24. Qe2 Nc5 25. Ne1 a5 26. a4 b4 27. Na2 Ne6 28. Bxe6 Bxe6 29. b3 c5 30. Qb5 Qc7 31. Nd3 Rd8 32. Nac1 Bf7 33. h4 Bh6 34. Nb2 Rxd1 35. Nxd1 c4 36. bxc4 Bxc4 37. Qe8 Bf7 38. Qb5 Qa7 39. Ne2 Bd2 40. Qd3 Bh6 41. f4 Qc7 42. fxe5 fxe5 43. Ne3 Qc6 44. Nc1 Qxa4 45. Nb3 Bxe3 46. Qxe3 Qb5 47. Qc5 Qf1+ 48. Nc1 Qa6 49. Qxe5+ Kh7 50. Qc5 Qc4 51. Qxc4 Bxc4 52. Nb3 a4 53. Nd4 a3 54. Nc6 b3 55. cxb3 Bxb3 56. Nd4 Bc4 57. Kc2 a2 58. Kb2 Kg7 59. e5 Kf7 60. Ka1 Ke7 61. Kb2 Kd7 62. Ka1 Kc7 63. Kb2 Kb6 64. Nc2 Kc5 65. Ne3 Be6 66. Ng2 Bf5 67. Nf4 Bb1 68. Ka1 Kb5 69. Kb2 Kb6 70. Ka1 1/2-1/2

[Event "Olympiad-35"]
[Site "Bled"]
[Date "2002.10.31"]
[Round "6.3"]
[White "Khouseinov, Rashid"]
[Black "Villamayor, Buenaventura"]
[Result "0-1"]
[WhiteElo "2331"]
[BlackElo "2503"]
[PlyCount "84"]
[EventDate "2002.10.26"]
[EventType "team-swiss"]
[EventRounds "14"]
[EventCountry "SLO"]
[SourceTitle "EXT 2003"]
[Source "ChessBase"]
[SourceDate "2002.11.25"]
[SourceVersion "1"]
[SourceVersionDate "2002.11.25"]
[SourceQuality "1"]
[WhiteTeam "Tajikistan"]
[BlackTeam "Philippines"]
[WhiteTeamCountry "TJK"]
[BlackTeamCountry "PHI"]

1. e4 e6 2. Qe2 Nf6 3. f4 d5 4. e5 Ng8 5. Nf3 Nh6 6. Nc3 c5 7. Nd1 Nc6 8. g3 Nf5 9. c3 Be7 10. Bh3 Rb8 11. d3 b5 12. 0-0 h5 13. Ne3 g6 14. Bg2 a5 15. Rd1 Qb6 16. Qf2 c4 17. d4 b4 18. h3 a4 19. g4 hxg4 20. hxg4 Nxe3 21. Qxe3 a3 22. b3 Ba6 23. bxc4 Bxc4 24. Bd2 b3 25. axb3 Qxb3 26. Be1 Qa4 27. Nd2 Na5 28. Bf1 Bxf1 29. Kxf1 Kd7 30. Qf3 Nc4 31. Kg1 Rb2 32. Qd3 Rhb8 33. Kf1 Qc2 34. Ke2 Qa4 35. Kf1 Rh8 36. Kg1 a2 37. g5 Rhb8 38. Kf1 Na3 39. c4 Nxc4 40. Rdc1 Nxd2+ 41. Bxd2 R8b3 42. Rc3 Rxc3 0-1